00541nam a2200193 a 4500001001300000003000900013005001700022008004100039020001000080082001300090100002300103245003400126260003700160300000800197500003500205505006700240650001700307700002300324nice12345678IN_TiNIC20260116015145.0050524s1957 newa grp 000 0 eng  ac10000a306bALP aAlpenfels, Ethel J aSense and Nonsense About Race aNew YorkbFriendship Pressc1957 a64p aincludes index and biblioraphy2 aPapers Presented at the Broumana Consultation, 12-18 July 1972 aAnthropology1 aAlpenfels, Ethel J